Hóa học vô cơ Giáo trình Cao Đẳng Sư Phạm Tập 2

Guardado en:
Detalles Bibliográficos
Autor principal: Trần Thị Đ
Formato: Libro
Lenguaje:Vietnamese
Publicado: H. Đại Học Sư Phạm 2005
Materias:
Etiquetas: Agregar Etiqueta
Sin Etiquetas, Sea el primero en etiquetar este registro!
Thư viện lưu trữ: Mạng thư viện Đại học Đà Nẵng
LEADER 01075nam a2200325 4500
001 000008502
003 4691
005 20121011141010.0
008 111018s2005 viesd
041 0 |a vie 
082 |a 546  |b TR-Đ 
100 0 |a Trần Thị Đà 
245 1 0 |a Hóa học vô cơ  |b Giáo trình Cao Đẳng Sư Phạm  |c Trần Thị Đà, Nguyễn Thế Ngôn  |n Tập 2 
260 |a H.  |b Đại Học Sư Phạm  |c 2005 
300 |a 404tr.  |c 24cm 
653 |a Giáo Trình 
653 |a Vô cơ 
653 |a Trần Thị Đà 
773 |t Hóa học vô cơ  |w 4690 
910 |a Quang Huy  |d 18/10/2011 
OWN |a LSP 
AVA |a UDN50  |b LSP  |d 546 TR-Đ  |e check_holdings  |t Error 5003 Not defined in file expand_doc_bib_avail.  |h N  |k 1 
999 |a From the UDN01 
AVA |a UDN50  |b LSP  |d 546 TR-Đ  |e available  |t Error 5001 Not defined in file expand_doc_bib_avail.  |f 50  |g 0  |h N  |i 14  |k 1 
TYP |a Monograph 
TYP |a Printed language 
980 |a Mạng thư viện Đại học Đà Nẵng